| 000 | 01006cam a2200253 4500 | ||
|---|---|---|---|
| 001 | X113623 | ||
| 008 | 010712n2001 000 0 eng u | ||
| 035 | _a(Sirsi) u113623 | ||
| 100 | _aWood, C. | ||
| 245 | _aChanges to Part L of the Building Regulations | ||
| 260 | _c2001 | ||
| 490 |
_aContext _v(70) June 2001, 19-21(3) |
||
| 520 | _aDiscusses the draft amendments to Approved Document L of the Building Regulations issued by the DETR on 9 April 2001. Notes the inclusion of statements to the effect that unacceptable changes should not be made to historic buildings in order to ensure compliance with Part L. Includes relevant selections from the draft. | ||
| 650 | _aAPPROVED DOCUMENT L | ||
| 650 |
_aBUILDING CONTROL _96222 |
||
| 650 |
_aBUILDING REGULATIONS _96224 |
||
| 650 | _aBUILDING REGULATIONS PART L | ||
| 650 | _aENERGY EFFICIENCY | ||
| 650 | _aHISTORIC BUILDINGS | ||
| 650 | _aWINDOWS | ||
| 650 | _aU-VALUES | ||
| 690 | _aBUILT ENVIRONMENT-BUILDING STANDARDS | ||
| 942 | _n0 | ||
| 999 |
_c67703 _d67703 |
||